MDQL
is popping MORE tags! Check the
thread
!
Quizzes
Events
Quiz Creation
Community
Videos
Private Events
Remove Ads
Sign In
Join for FREE
Feedback
Dark Mode
Quiz Categories
Sports
Geography
Music
Movies
Television
Just For Fun
Miscellaneous
History
Literature
Language
Science
Gaming
Entertainment
Religion
Holiday
For Kids
Quiz Lab
Recent
Popular Today
Quiz Kudos Today
Editor Picks
Curator Picks
Quizzes by...
Day
Popularity
Type
Ratings
Length
Year
Community
Subscriptions
Recent Discussions
Orange Saloon
Badges
Playlists
Quests
Create
Leaderboards
Showdown
Live 5
Trivia Bingo
Activity
Puzzle Library
Sporcle Events
Private Events
Virtual Trivia
Globe League
Become a Host
Pub Owners
SporcleCon
Opinionation
Our Games
Videos
Blog
Mobile Apps
Partnerships
Remove Ads and Go Orange
Feedback
Television
TV Characters
TV Show
Sitcom
Network
Friends
Reality Shows
Cast
South Park
Star Trek
The Simpsons
Doctor Who
Television
TV Characters
TV Show
Sitcom
Network
Friends
Reality Shows
Cast
South Park
Star Trek
The Simpsons
Doctor Who
Random Quiz
Search Sporcle
×
Quiz Lab
Quiz Lab
Television
Show
Type in answers that appear in a list
Type in answers that appear in a list
Classic
Best Score? Go Orange.
Pictures Clues:The Itchy & Scratchy Show Stats
Can you name the Pictures Clues: The Itchy & Scratchy Show?
By
ArturoSagahon
8m
24 Questions
272 Plays
272 Plays
272 Plays
Comments
Comments
Give Quiz Kudos
Give Quiz Kudos
-
- Ratings
hide this ad
More Info
Replay
Link that replays current quiz
Next Quiz
Link to next quiz in quiz playlist
You Got
0%
They Got
Avg Score
37%
Avg Friend Score
Upgrade to see
Score Distribution
Jump to the score distribution portion of the page
Score
0/24
Timer
08:00
0
Plays Today
Title Of Chapter
Missing Word
% Correct
'KITTY-
_
_
_
_
_
BANG-
BANG'
KITTY
69.9%
Sundae Bloody _
_
_
_
_
_
Sundae
66.5%
'LET THEM _
_
SCRATCHY
EAT
65.4%
'MY BLOODY _
_
_
_
_
_
_
_
_
'
VALENTINE
63.2%
'_
_
_
_
_
OF PAIN' or 'THIS OLD MOUSE'
HOUSE
62.9%
'FLAY ME TO THE _
_
_
_
'
MOON
61.4%
'100 _
_
_
_
GASH
YARD
52.6%
'LITTLE _
_
_
_
_
_
_
_
_
_
OF HORRORS'
BARBERSHOP
50%
'THE LAST TRACTION _
_
_
_
'
HERO
49.6%
'_
_
_
_
_
_
_
LOVE'
BURNING
44.1%
'_
_
_
_
_
OF SCREAMS'
FIELD
41.2%
'MY _
_
_
_
_
_
WITH ITCHY'
DINNER
33.1%
Title Of Chapter
Missing Word
% Correct
'_
_
_
_
THE CAT SLOWLY'
BANG
31.3%
'SCREAMS FROM A _
_
_
_
'
MALL
29%
'O _
_
_
_
MEOW'
SOLO
25.7%
'DAZED AND _
_
_
_
_
_
_
_
'
CONTUSED
24.6%
'_
_
_
_
_
PALS'
PORCH
20.2%
'I'M GETTING _
_
_
_
_
_
IN THE MORNING'
BURIED
20.2%
'_
_
_
_
_
_
_
KUT-
UPS'
KITCHEN
19.9%
'_
_
_
_
THAT FELINE'
HOLD
16.2%
PLANET OF THE _
_
_
_
_
ACHES
15.8%
'_
_
_
_
_
_
_
_
_
OF DEATH'
MESSENGER
14.7%
'THE SOUNDS OF _
_
_
_
_
_
_
_
_
'
SILENCERS
14.7%
'CAT _
_
_
_
_
FEVER'
SPLAT
13.2%
Quiz Playlist
Details
Report
Send in Message
Add To Playlist
More Info:
Complete the title of the chapters The Itchy & Scratchy Show, based in the pictures clues if that helps.
Classic:
Type in answers that appear in a list
Quiz Source
Last Updated: Apr 5, 2018
Quiz Scoreboard
CHALLENGE
Sign Up to Join the Scoreboard
Show All
Scores
Hide
Comments
May contain spoilers
Recently Published
5x2 Blitz: Bands
by SL_Kpop136
Music
30s
Colored Red Africa Blitz
by spor1
Geography
30s
Find the 'City' Movie
by crazypaving
Movies
60s
More to Explore
Quiz From the Vault
Featured Blog Post
14 Easter Pick-up Lines to Find Eggs With
hide this ad
You Might Also Like...
Tags
Show Quiz
Chapter
Image Quiz
Itchy
Today's Top Quizzes in Television
Browse Television
hide this ad
Today's Top Quizzes in Show
Browse Show
Top Contributed Quizzes in Television
1
Survivor Journey Challenge
2
Brooklyn Nine Nine Logic Puzzle (How-To-Play)
3
Phoebe Buffay Quotes
4
One Tree Hill Logic Puzzle
5
Survivor Logic Puzzle: Heroes vs. Villains
6
Survivor Trivia
7
Game of Thrones: Tywin Lannister Start to Finish
8
All US Survivor Seasons in Order
9
Emmerdale Characters (from August 2012)
10
Survivor Trivia #6: Criteria Quiz!
Explore More
Trending Topics
Kpop
Harry Potter
Anime
Disney
Crossword
Marvel
NBA
Country
Pokémon
Song
WWE
NFL
The Office
Puzzle
Soccer
hide this ad
More By:
ArturoSagahon
Quiz
Plays
Rating
Category
Featured
Created
Homer Simpson Jobs
2,987
3.85
Television
Dec 7, 2009
Friday The 13th Jason Used Items To Kill
2,205
2.36
Movies
Jan 1, 2010
Mixed Up: SPORCLE (In Spanish)
1,272
4.13
Language
Jan 1, 2010
Bleach - Arrancar Zanpakutō
1,125
4.13
Television
Dec 4, 2009
The Simpsons Name The Song
562
3.88
Television
Dec 5, 2009
Go to Creator's Profile
Score Distribution
Quiz Creator Spotlight
ArturoSagahon
Follow
Send a Message
Quizzes Created
-
Created Quiz Play Count
-
More By This Creator
Popular Quizzes Today
1
Find the 'City' Movie
2
Colored Red Africa Blitz
3
Find the US States - No Outlines Minefield
4
5x2 Blitz: Bands
5
The Countries of the World
6
Find the US States
7
US States
8
9x9 Crossword: Cartoon Network
More Television Quizzes
TV Shows Teddy Bears
Published
Trending Quizzes
Colored Red Europe Blitz I
Colored Red Africa Blitz II
Colored Red Europe Blitz II
Colored Red Europe Blitz III
Colored Red Africa Blitz III
Recently Updated
Famous TV Couples
Peacemaker
Champions League XIs: Real Madrid
pecheneg
Largest US Cities 1790-2010
pecheneg
Rides in Walt Disney World
pecheneg
Most Oscar Losses (Acting)
pecheneg
Beyoncé Albums
pecheneg
Leaping Animals
pecheneg
Reality TV Shows (A-Z)
bhenderson79
Rickey Henderson's Hall of Fame Teammates
pecheneg
Champions League XIs: Arsenal
pecheneg
Trending Topics
Harry Potter
Anime
Disney
Crossword
Kpop
Marvel
NBA
WWE
Song
NFL
Pokémon
Soccer
Country
Puzzle
The Office
Your Account Isn't Verified!
In order to create a playlist on Sporcle, you need to verify the email address you used during registration. Go to your
Sporcle Settings
to finish the process.
Report this User
Report this user for behavior that violates our
Community Guidelines
.
Details:
Send Report
Go to the Sporcle.com Mobile Site →
Comments